แสดงรายละเอียดบรรณานุกรม
  กลับหน้าหลัก

Brief Record : Get Marc (ISO 2709) : E-mail record : QR code ปิดหน้าต่าง
E-books : เกี่ยวกับ Collections
LEADER 00000nam 2200000uu 4500
001    212212
003     ULIBM
008    020711s2560 th a 000 0 tha d
020    9786169313915
041    ^atha
060  4 WY18.8 ส816 2560
100    สุนันทา บุญรักษา
245    การจัดการเรียนการสอนเพื่อควบคุมการบริโภคยาสูบ : หมวดวิชาการพยาบาลผู้ใหญ่ ผู้สูงอายุ/^cสุนันทา บุญรักษา, วัฒนีย์ ปานจินดา, นัยนา สุแพง, สุดาวดี แก้วดวงโต
250    พิมพ์ครั้งที่ 1
260    กรุงเทพฯ :^bเครือข่ายพยาบาลเพื่อการควบคุมยาสูบแห่งประเทศไทย,^c2560
300    276 หน้า^bภาพประกอบ
650  4 ยาสูบ^xการควบคุม
650  4 ^aการพยาบาล^xการศึกษาและการสอน
650  4 ^aการจัดการเรียนการสอน^xหมวดวิชาการพยาบาลผู้ใหญ่ ผู้สูงอายุ
700 0  ^aวัฒนีย์ ปานจินดา
700 0  ^aนัยนา สุแพง
700 0  ^aสุดาวดี แก้วดวงโต
710 2  ^aเครือข่ายพยาบาลเพื่อการควบคุมยาสูบแห่งประเทศไทย
710 2  ^aสำนักงานกองทุนสนับสนุนการสร้างเสริมสุขภาพ (สสส.)
856    ^zการจัดการเรียนการสอนฯ หมวดการพยาบาลผู้ใหญ่.pdf (สารบัญหนังสือ)^uhttp://110.164.94.213/ULIB62015//_fulltext/5/212212/20181108170601_3138.pdf
999    ^aใช้งานได้ทุกระบบ
รายการนี้ยังไม่มีแท็ก
คุณยังไม่ได้ล็อกอิน คุณสามารถมีกิจกรรมร่วมกับเว็บไซต์ได้ แต่ต้องล็อกอินก่อน ::
  ล็อกอิน
ลำดับที่ ประเภท เลขเรียก สถานที่ สถานะ
1. หนังสือทั่วไป
หนังสือทั่วไป
WY18.8 ส816 2560 ฉ.1 
  
หนังสือทั่วไป On Shelf
  ขอยืม
2. หนังสือทั่วไป
หนังสือทั่วไป
WY18.8 ส816 2560 ฉ.2 
  
หนังสือทั่วไป On Shelf
  ขอยืม
3. หนังสือทั่วไป
หนังสือทั่วไป
WY18.8 ส816 2560 ฉ.3 
  
หนังสือทั่วไป On Shelf
  ขอยืม
   [แสดง 3/3 รายการ]

รายการใกล้เคียง
    หัวเรื่อง [ยาสูบ การควบคุม]

BibComment


ยังไม่เคยถูกคอมเมนท์

คอมเมนท์ทรัพยากรรายการนี้
  คอมเมนท์: การจัดการเรียนการ..
Bib 212212

 
 
 

 Union Library Management : ULibM
Copyright 2026. All Rights Reserved.
скачать бесплатно без регистрации порно красивый секс HD Sex Hindi sex

xxx gou

xxxx

bfxxx

xxxwww

Секса Видео

xxxx

Секса Видео

detube

geilexxx

C99 Shell

worms shell

blod xxx video
Ebony Coed Rihanna Rimes Takes A Dick In Her Young Twat priyaa indian fuck anal and pusssy hardcore indian women xxx desi hardcore fucking part 1 bengalixxxcouple